Culture Générale - Série 546 - Statistiques

Statistiques générales
  • Ce quiz a été pris 169 fois
  • Le résultat moyen est 6 sur 10
Statistiques - réponses
Question Réponse % Correct
Quel animal est l'anaconda ? serpent
98%
D'après le proverbe, que justifie la fin ? les moyens
93%
Quel héros mythologique, père de Thésée, s'est jeté dans la mer qui porte son nom ? Egée
84%
Dans quel sport Gilles Simon fait-il des passing-shots ? tennis
79%
Quel élément chimique est symbolisé par les lettres Ni ? nickel
70%
Quelle chanteuse incarne Esméralda sur scène, dans la comédie musicale "Notre-Dame de Paris" en 1998 ? Hélène Segara
58%
Quel héros de la mythologie romaine a capturé la biche de Cérynie ? Hercule
55%
Complétez le titre de cette chanson de Raphaël en 2005 : "Ne partons pas... fâchés
52%
Quel nom donne-t-on à un poème de 14 vers composé de 2 quatrains et 2 tercets ? sonnet
47%
Quel adjectif qualifie les heures chantées par Etienne Daho en 1988 ? Hindoues
10%
Aucun quiz correspondant
Distribution des résultats
% des personnes avec chaque résultat
Percentile par nombre de réponses
Votre historique - résultats
Vous n’avez pas pris ce quiz